|
|
|
|
| LEADER |
00000nas a2200000 a 4500 |
| 001 |
ssj0012681 |
| 003 |
WaSeSS |
| 005 |
20200512172242.0 |
| 006 |
m d |
| 007 |
cr n |
| 008 |
010726c19709999nyuqr pss 0 a0eng c |
| 010 |
|
|
|a 2007215123
|
| 016 |
7 |
|
|a 2024107-0
|2 DE-600
|
| 016 |
7 |
|
|a 013813570
|2 Uk
|
| 022 |
|
|
|a 1936-4814
|l 0034-6446
|y 0034-6446
|
| 035 |
|
|
|a (WaSeSS)ssj0012681
|
| 037 |
|
|
|b Springer New York LLC, 233 Spring St. NY, NY 10012-1578
|
| 040 |
|
|
|a DLM
|b eng
|c DLM
|d OCL
|d OCLCQ
|d OCL
|d OCLCQ
|d NSD
|d KSU
|d OCLCQ
|d BUF
|d OCLCQ
|d OCLCF
|d OCLCQ
|d WT2
|d OCLCA
|d UUM
|d GILDS
|d OCLCO
|d OCLCQ
|d AU@
|d UKMGB
|d VT2
|d NJT
|d CEF
|d OCLCO
|d OCLCQ
|d OCLCO
|d WaSeSS
|
| 042 |
|
|
|a pcc
|a nsdp
|
| 043 |
|
|
|a n-us---
|
| 050 |
1 |
4 |
|a E185.5
|b .R45
|
| 082 |
1 |
0 |
|a 330
|2 14
|
| 130 |
0 |
|
|a Review of Black political economy (Online)
|
| 210 |
1 |
0 |
|a Rev Black Polit Econ
|
| 222 |
|
0 |
|a Review of Black political economy
|b (Online)
|
| 245 |
1 |
4 |
|a The Review of Black political economy
|h [electronic resource].
|
| 246 |
1 |
|
|i Also called:
|a RBPE
|
| 260 |
|
|
|a [Atlanta, etc.]
|b National Economic Association ;
|a [New Brunswick, N.J.] :
|b [Distributed by] Transaction Periodicals Consortium
|
| 260 |
3 |
|
|3 Dec. 2007- :
|a New York :
|b Springer Science+Business Media, LLC
|
| 310 |
|
|
|a Quarterly,
|b <summer 1975->
|
| 321 |
|
|
|a Three no. a year,
|b spring/summer 1970-
|
| 362 |
1 |
|
|a Print began in 1970.
|
| 506 |
|
|
|a License restrictions may limit access.
|
| 515 |
|
|
|a Some issue combined.
|
| 538 |
|
|
|a Mode of access: World Wide Web.
|
| 550 |
|
|
|a Volumes for 1970- issued by the Black Economic Research Center; <winter 1979-> by the National Economic Association and Atlanta University Center.
|
| 588 |
0 |
|
|a Vol. 5, no. 3 (Mar. 1975); title from title screen (publisher's Web site viewed Jan. 15, 2008).
|
| 588 |
1 |
|
|a Vol. 39, issue 4 (Dec. 2012) (Springer Link, viewed Feb. 27, 2013).
|
| 650 |
|
0 |
|a African Americans
|x Economic conditions
|v Periodicals.
|
| 650 |
|
0 |
|a African Americans
|x Employment
|v Periodicals.
|
| 650 |
|
7 |
|a African Americans
|x Economic conditions.
|2 fast
|0 (OCoLC)fst00799599
|
| 650 |
|
7 |
|a African Americans
|x Employment.
|2 fast
|0 (OCoLC)fst00799610
|
| 655 |
|
0 |
|a Electronic journals.
|
| 710 |
2 |
|
|a National Economic Association (U.S.)
|
| 710 |
2 |
|
|a Black Economic Research Center.
|
| 710 |
2 |
|
|a Atlanta University Center (Ga.)
|
| 776 |
0 |
8 |
|i Print version:
|t Review of Black political economy
|x 0034-6446
|w (DLC) 76024603
|w (OCoLC)1763818
|
| 856 |
4 |
0 |
|z Full text available from Research Library: 04/01/1995 to 12/31/2017
|u https://search.proquest.com/publication/47227
|